Spell the marvel Character #89 - Statistics

General Stats
  • This quiz has been taken 26 times
  • The average score is 7 of 9
Answer Stats
Picture Answer % Correct
Howard the Duck
100%
Winter Soldier
100%
Iceman
94%
Emma Frost
89%
Thena
83%
Old Lace
78%
Franklin Richards
67%
White Fox
61%
Xolum
17%
No matching quizzes found
Score Distribution
Percent of People with Each Score
Percentile by Number Answered
Your Score History
You have not taken this quiz